Statistics for Australian Prime Ministers - Picture Quiz

Click here to take the quiz!

General Stats

  • This quiz has been taken 150 times
  • The average score is 12 of 16

Answer Stats

Answer% Correct
Julia Gillard
98%
Malcolm Turnbull
95%
Tony Abbott
94%
John Howard
92%
Kevin Rudd
90%
Bob Hawke
88%
Gough Whitlam
80%
Paul Keating
79%
Robert Menzies
73%
Malcolm Fraser
68%
John Curtin
65%
Edmund Barton
64%
Harold Holt
63%
Alfred Deakin
57%
John Gorton
56%
Andrew Fisher
45%

Score Distribution

Percentile by Number Answered

Percent of People with Each Score

Your Score History

You have not taken this quiz